La experiencia infantil y el lenguaje
Guardat en:
| Autor principal: | |
|---|---|
| Format: | Llibre |
| Idioma: | espanyol |
| Publicat: |
Ciudad de México
Diana
1979
|
| Matèries: | |
| Etiquetes: |
Afegir etiqueta
Sense etiquetes, Sigues el primer a etiquetar aquest registre!
|
MARC
| LEADER | 00000nam a2200000 a 4500 | ||
|---|---|---|---|
| 001 | UCY8875 | ||
| 003 | CL-VaPUC | ||
| 008 | 950707e19790000MX |||||||||||||||||spa|d | ||
| 082 | 0 | 4 | |a 372.6 |b MAC |2 21 |
| 100 | |a Machado, Jeanne M. |e autora |9 340622 | ||
| 245 | 1 | 3 | |a La experiencia infantil y el lenguaje |
| 300 | |a 196 p | ||
| 942 | |c BK | ||
| 945 | |d 19950707 00:00:00 |a mfernand | ||
| 260 | |a Ciudad de México |b Diana |c 1979 | ||
| 500 | |a Incluye guía del instructor | ||
| 650 | 0 | |a Desarrollo del lenguaje |9 311270 | |
| 650 | 0 | |a Psicolingüística |9 283371 | |
| 650 | 0 | |a Educación lingüística |9 306506 | |
| 650 | 7 | |a HABLA |2 CL-VaPUC |9 311668 | |
| 650 | 7 | |a HABITOS DEL HABLA |2 CL-VaPUC |9 335780 | |
| 650 | 7 | |a ESCRITURA MANUSCRITA |2 CL-VaPUC |9 336432 | |
| 650 | 0 | |a Lectura |9 307634 | |
| 650 | 0 | |a Narración de cuentos |9 337545 | |
| 583 | |a last modification |c 19950707 00:00:00 |k Rodrigo Vera | ||
| 999 | |c 236056 |d 236054 | ||